00720nam a2200205Ia 4500003000900000008004100009040001600050080001900066100002100085245009500106260004600201300001400247650004100261650002200302650002200324700002300346942000700369999001500376952012300391IN-BaIIA211028s9999 xx 000 0 eng d cIIA Library a524.3-5bCOX-1 aCox, J. P.95758 0aPrinciples of stellar structurebvol. 1, physical principlescJ. P. Cox and Giuli R. T.  aNew YorkbGordon and Breach Sciencec1968 axx, 568p. aAstronomy and astrophysics thesaurus aStellar evolution aStellar structure aGiuli, R. T.95759 cBK c3240d3240 00104070aBANbBANcGENd1969-05-20g254.50l0o524.3-5/ COX-1p3599r2021-11-05v254.50w1969-05-20yBKGRs. 254.50